000 01011nam a22002295i 4500
001 160967
003 ES-MaACL
005 20230906212151.0
008 990526s1892 sp |||| | spa d
040 _aCCPB | B
_bspa
_cCCPB | B
100 1 _aOliver y Esteller, Bienvenido.
_9130627
245 1 0 _aDerecho inmobiliario español
_b: exposición fundamental y sistemática de la ley hipotecaria vigente en la Península, islas adyacentes, Canarias, territorios de África, Cuba, Puerto Rico y Filipinas : tomo primero /
_cpor Bienvenido Oliver y Esteller.
260 _aMadrid :
_b[s.n.],
_c1892 (
_fEst. Tip. ¨Sucesores de Rivadeneyra¨)
300 _a931, [2] p. ;
_c23 cm.
510 4 _aPalau,
_c200748
595 1 _aSegún Palau este tomo fue el único que se publicó.
596 _aEn colofón consta 1896.
650 4 _aPropiedad inmobiliaria-
_xLegislación-
_zEspaña-
_yS. \RXIX\R.
_9234139
752 _aEspaña -
_dMadrid
852 _aES-MaACL
_jB-5451
_z-- Enc. pasta
999 _c160967
_d160967